Tạp chí nghiên cứu kinh tế và kinh doanh Châu Á Số 11
Số phát hành này bao gồm những bài báo cáo chủ đề như Ảnh hưởng của chất lượng hoạt động kiểm toán nội bộ đến hành vi điều chỉnh lợi nhuận: Nghiên cứu thực nghiệm tại các công ty niêm yết trên thị trường chứng khoán Việt Nam Resear...
Gespeichert in:
| Format: | Buch |
|---|---|
| Sprache: | Vietnamese |
| Veröffentlicht: |
Thành phố Hồ Chí Minh
Trường Đại học Kinh tế thành phố Hồ Chí Minh
2018
|
| Schlagworte: | |
| Tags: |
Tag hinzufügen
Keine Tags, Fügen Sie den ersten Tag hinzu!
|
| Thư viện lưu trữ: | Thư viện Trường Đại học Nam Cần Thơ |
|---|
| LEADER | 01499nam a22002057a 4500 | ||
|---|---|---|---|
| 001 | NCT_109351 | ||
| 008 | 220407b xxu||||| |||| 00| 0 vie d | ||
| 999 | |c 5549 |d 5549 | ||
| 022 | |a 2615-9104 | ||
| 041 | |a vie | ||
| 082 | 0 | 4 | |2 23rd ed. |a 330 |b T109C |
| 245 | 0 | 0 | |a Tạp chí nghiên cứu kinh tế và kinh doanh Châu Á |n Số 11 |c Trường Đại học Kinh tế thành phố Hồ Chí Minh |
| 260 | |a Thành phố Hồ Chí Minh |b Trường Đại học Kinh tế thành phố Hồ Chí Minh |c 2018 | ||
| 300 | |c 24cm | ||
| 310 | |a Hàng tháng | ||
| 520 | 3 | |a Số phát hành này bao gồm những bài báo cáo chủ đề như Ảnh hưởng của chất lượng hoạt động kiểm toán nội bộ đến hành vi điều chỉnh lợi nhuận: Nghiên cứu thực nghiệm tại các công ty niêm yết trên thị trường chứng khoán Việt Nam Research Article; Tác động của thanh khoản thị trường tài chính đến thanh khoản ngân hàng thương mại tại Việt Nam; Tác động của các cú sốc vĩ mô lên cán cân thương mại khu vực ASEAN-6: Phương pháp GVAR;... | |
| 655 | |a Tạp chí | ||
| 942 | |2 ddc |c CR | ||
| 952 | |0 0 |1 0 |2 ddc |4 0 |6 330_000000000000000_T109C |7 0 |9 22983 |a 000001 |b 000001 |d 2022-04-07 |o 330 T109C |r 2022-04-07 |w 2022-04-07 |y CR | ||
| 980 | |a Thư viện Trường Đại học Nam Cần Thơ | ||